| 000 | 00738nam a2200217Ia 4500 | ||
|---|---|---|---|
| 003 | GCL | ||
| 008 | 140319s9999 xx 000 0 ara d | ||
| 040 |
_aGCL / _cGCL |
||
| 082 | 0 | 4 |
_a258.922 _bع ن |
| 100 | 1 | _aعبدالمنعم احمد النمر | |
| 245 | 1 | 0 |
_aالنحلة اللقيطة : البابية والبهائية تاريخ ووثائق / _cعبدالمنعم احمد النمر |
| 260 |
_a[S.N] : _bمكتبة التراث الاسلامى ، _c1989 |
||
| 300 | _a249 ص | ||
| 490 | _a | ||
| 650 | 0 | 4 | _aالاسلام |
| 650 | 0 | 4 | _aالاسلام والشيوعية |
| 650 | 0 | 4 | _aالبهائية |
| 650 | 0 | 4 | _aالبابية |
| 650 | 0 | 4 | _aالاسلام والمذاهب الالحادية |
| 942 |
_2ddc _cBK |
||
| 999 |
_c31751 _d31751 |
||